Le Mouvement mondial des femmes (Record no. 46791)
[ view plain ]
| 000 -LEADER | |
|---|---|
| fixed length control field | 00810nam a22002657a 4500 |
| 003 - CONTROL NUMBER IDENTIFIER | |
| control field | 0 |
| 005 - DATE AND TIME OF LATEST TRANSACTION | |
| control field | 20160609165320.0 |
| 008 - FIXED-LENGTH DATA ELEMENTS--GENERAL INFORMATION | |
| fixed length control field | 100122t xxu||||| |||| 00| 0 eng d |
| 020 ## - NUMERO INTERNATIONAL NORMALISE DES LIVRES | |
| International Standard Book Number | 978-287003-446-0 |
| 040 ## - SOURCE DU CATALOGAGE | |
| Original cataloging agency | 10/012 |
| Language of cataloging | Communauté Française de Belgique |
| Transcribing agency | Don |
| 041 ## - CODE DE LANGUE | |
| Language code of text/sound track or separate title | Fr |
| 082 ## - DEWEY DECIMAL CLASSIFICATION NUMBER | |
| Edition number | 396.9 |
| 100 ## - VEDETTE PRINCIPALE - NOM DE PERSONNE | |
| Personal name | Antrobus, Peggy |
| 9 (RLIN) | 3068 |
| 245 ## - TITLE STATEMENT | |
| Title | Le Mouvement mondial des femmes |
| Statement of responsibility, etc | Peggy Antrobus |
| 260 ## - PUBLICATION, DISTRIBUTION, ETC. (IMPRINT) | |
| Place of publication, distribution, etc | Cotonou |
| Name of publisher, distributor, etc | Ed. Ruisseaux d'Afrique |
| Date of publication, distribution, etc | 2007 |
| 260 ## - PUBLICATION, DISTRIBUTION, ETC. (IMPRINT) | |
| Place of publication, distribution, etc | Cotonou |
| Name of publisher, distributor, etc | Ed. d'Atelier |
| Date of publication, distribution, etc | 2007 |
| 260 ## - PUBLICATION, DISTRIBUTION, ETC. (IMPRINT) | |
| Place of publication, distribution, etc | Cotonou |
| 260 ## - PUBLICATION, DISTRIBUTION, ETC. (IMPRINT) | |
| Place of publication, distribution, etc | Cotonou |
| 300 ## - PHYSICAL DESCRIPTION | |
| Extent | 303 p. |
| Dimensions | 20 cm |
| 440 ## - SERIES STATEMENT/ADDED ENTRY--TITLE | |
| Title | Enjeux planete |
| Volume number/sequential designation | 11 |
| 9 (RLIN) | 3069 |
| 500 ## - GENERAL NOTE | |
| General note | Contien Quelques résaeux de femmes et leurs sites Internet |
| 504 ## - BIBLIOGRAPHY, ETC. NOTE | |
| Bibliography, etc | Bibliographie pp. 271 - 273 |
| 650 ## - SUBJECT ADDED ENTRY--TOPICAL TERM | |
| Topical term or geographic name as entry element | Femme |
| Topical term following geographic name as entry element | Mouvement d'émancipation |
| 9 (RLIN) | 3070 |
| 942 ## - ADDED ENTRY ELEMENTS (KOHA) | |
| Koha item type | Livre |
No items available.